[Event "Cajamarca op 3rd"]
[Site "Cajamarca"]
[Date "2011.03.26"]
[Round "2"]
[White "Benique Cabrera, Cesar Rem"]
[Black "Aguilar Novoa, Juan"]
[Result "0-1"]
[WhiteElo "1986"]
[BlackElo "2337"]
[PlyCount "122"]
[EventDate "2011.03.25"]
[EventType "swiss"]
[EventRounds "6"]
[EventCountry "PER"]
[SourceTitle "EXT 2024"]
[Source "ChessBase"]
[SourceDate "2023.10.10"]
[SourceVersion "1"]
[SourceVersionDate "2023.10.10"]
[SourceQuality "1"]

1. e4 c5 2. Nc3 Nc6 3. f4 g6 4. Nf3 Bg7 5. Bb5 Nd4 6. 0-0 Nxb5 7. Nxb5 d5 8. exd5 a6 9. Nc3 Nf6 10. d4 Nxd5 11. dxc5 Nxc3 12. Qxd8+ Kxd8 13. bxc3 Bxc3 14. Rb1 Kc7 15. Rb3 Bf6 16. Bd2 Be6 17. Ba5+ Kc6 18. Rb6+ Kxc5 19. Nd2 Rhc8 20. Ne4+ Kd5 21. Nxf6+ exf6 22. c3 Rc4 23. Bb4 a5 24. Rb5+ Kc6 25. Rxa5 Rd8 26. h3 Rd2 27. Rf2 Rxf2 28. Kxf2 Rxf4+ 29. Ke3 g5 30. Be7 b6 31. Ra8 Bd5 32. Rc8+ Kb7 33. Rd8 Bxg2 34. Rd6 Re4+ 35. Kf2 Bxh3 36. Bxf6 Kc7 37. Rd4 Rxd4 38. cxd4 Be6 39. a3 g4 40. Kg3 Kc6 41. Kf4 b5 42. Kg3 Kd5 43. Kf4 Kc4 44. Kg3 Kb3 45. Be7 f5 46. Kf4 Kc4 47. Bf6 Kd3 48. Be5 Ke2 49. d5 Bxd5 50. Bf6 Be4 51. Kg3 Bc6 52. Be5 Ke3 53. Bf4+ Ke4 54. Bc7 h5 55. Kh4 Kf3 56. Kxh5 g3 57. Kh4 f4 58. Bd6 Bd7 59. Bc7 g2 60. Bb6 Ke2 61. Bc5 Kf1 0-1